Naa ee-billa II & top hits [
General viewing for all ages (U)
| Format: | Book |
|---|---|
| Published: |
s.l. :
s.n. ,
20-
|
| Subjects: |
MARC
| LEADER | 00000cam a2200000 7i4500 | ||
|---|---|---|---|
| 001 | 0000166708 | ||
| 005 | 20121024.0 | ||
| 090 | 0 | 0 | |a MUZ |b NAA |
| 245 | 0 | 0 | |a Naa ee-billa II & top hits [ |h cd music] |
| 260 | |a s.l. : |b s.n. , |c 20- | ||
| 300 | |a 1 CD music (117 minutes) : |b col | ||
| 500 | |a Library has 1 copy | ||
| 520 | 0 | |a General viewing for all ages (U) | |
| 650 | 0 | 0 | |a Songs, Tamil |
| 999 | |a AV 30618 |b CD MUSIC |c PINJAMAN |e PERPUSTAKAAN KOMUNITI PETALING JAYA | ||